Egypt in England /

محفوظ في:

المؤلف الرئيسي: Elliott, Chris (مؤلف)

التنسيق: كتاب

اللغة: English

منشور في: Swindon : English Heritage, c2012.

الموضوعات:

الوسوم: إضافة وسم

لا توجد وسوم, كن أول من يضع وسما على هذه التسجيلة!

رقم الطلب: NA964 .E455 2012

LEADER 00891namaa2200265 4500
001 25286
003 OSt
005 20250903091316.0
008 130303s2012 enka 000 0 eng d
020 |a 9781848020887 
040 |c ARCE Library 
043 |a e-uk-en 
050 4 |a NA964 .E455 2012 
100 1 |a Elliott, Chris,  |e author 
245 1 0 |a Egypt in England /   |c Chris Elliott.  
264 1 |a Swindon :   |b English Heritage,   |c c2012. 
300 |a vi, 314 pages :   |b chiefly color illustrations ;   |c 24 cm. 
650 0 |a Egyptian revival (Architecture)   |z England   |x History. 
650 0 |a Architecture  |z England  |x History  |y 19th century. 
650 0 |a Architecture  |z England  |x History  |y 20th century.  
650 0 |a Interior decoration  |z England  |x History  |y 19th century.  
650 0 |a Interior decoration  |z England  |x History  |y 20th century.  
901 |a reviewed 
942 |c BK  |2 lcc 
999 |c 23719  |d 23719